Nimeä artisti tai bändi albumin kannen perusteella - Statistics

Yleistilastot
  • Tätä visaa on pelattu 123 kertaa
  • Keskiarvotulos 13 / 20
Vastaustilastot
Kuvavisa Hint Vastaus % Oikein
Jari Sillanpää Jari Sillanpää
93%
KUKA MUU MUKA Cheek
92%
Thriller Michael Jackson
92%
HYVÄ VOITTAA Juha Tapio
89%
Metallica Metallica
87%
Kerjäläisten Valtakunta DINGO
81%
Nevermind Nirvana
78%
Short n' Sweet Sabrina Carpenter
78%
Abbey Road The Beatles
75%
Divide (÷) Ed Sheeran
68%
ROADMAN Turisti
68%
Starboy The Weeknd
64%
All eyez on me 2pac
62%
HIT ME HARD AND SOFT Billie Eilish
53%
DAMN. Kendrick Lamar
38%
APATHIA Ares
34%
ONCE Nightwish
32%
? XXXTENTACION
32%
Goodbye & Good Riddance Juice WRLD
23%
Kid A Radiohead
19%
Ehtoja vastaavia visoja ei löytynyt
Tulosjakauma
Jokaisen tuloksen saaneiden osuus
Persentiili vastausten määrän mukaan
Tuloshistoriasi
Et ole pelannut tätä visaa